|
|
|
|
| LEADER |
00000naa a2200000uu 4500 |
| 001 |
vtls010923878 |
| 003 |
SK-MaSNL |
| 005 |
20260302130315.0 |
| 008 |
220808|1992 xo |||||||||||||||||slo| |
| 015 |
|
|
|a SNBRA
|
| 035 |
|
|
|a (urnnbn)urn:nbn:sk:snk:ar-a0d23a
|
| 035 |
|
|
|a (uuid)479f7578-ea53-45f0-a0f4-16bd043d03f1
|
| 035 |
|
|
|a urn:nbn:sk:snk-aatqsq
|
| 040 |
|
|
|a SNKBUCL
|b slo
|c SNKBUCL
|e AACR2
|
| 041 |
0 |
|
|a slo
|
| 044 |
|
|
|a xo
|c SK
|
| 245 |
0 |
0 |
|a SÉČÉNI, Tomáš (Szécsényi zo Sečian)
|b krajinský hodnostár (okolo 1290 - 18. 9. 1354)
|
| 655 |
|
7 |
|a biografické heslá
|2 SNKPH
|9 368942
|
| 773 |
0 |
|
|t Slovenský biografický slovník : (od roku 833 do roku 1990). V. zväzok, R-Š
|d Martin : Matica slovenská, 1992
|g S. 189
|z 8070902167 viaz
|
| 954 |
|
|
|a odborná, vedecká literatúra pôvodná (slovenská)
|2 lita
|
| 958 |
|
|
|a BX
|
| 958 |
|
|
|a OND
|
| 958 |
|
|
|a chapter
|
| 958 |
|
|
|a article25
|
| 999 |
|
|
|c 1298713
|d 1300643
|